00386 2200145 4500001002100000005001500021035002000036245006500056100002600121300001200147260004700159082000800206084001400214990001200228INLIS00000000000170320250430100621 a0010-04250001191 aKisah Dongeng Timun Emas & Buto Ijo /cYudhistira Ikranegara0 aYudhistira Ikranegara a128 hlm aSidoarjo :bGlobal Offset Sejahtera,c2023 a813 a813 YUD k a0754637